[Event "TCh-YUG"]
[Site "Herceg Novi YUG"]
[Date "2001.05.18"]
[Round "5"]
[White "Aleksandrov,A"]
[Black "Kosic,D"]
[Result "1-0"]
[WhiteElo "2610"]
[BlackElo "2508"]

1.d4 d5 2.c4 c6 3.Nc3 Nf6 4.e3 e6 5.Nf3 Nbd7 6.Bd3 dxc4 7.Bxc4 b5 8.Bd3 Bd6
9.e4 e5 10.Bg5 Bb7 11.a4 b4 12.Ne2 O-O 13.a5 a6 14.dxe5 Bxe5 15.O-O c5 16.Qb3 Qe7
17.Rfe1 Rfe8 18.Ng3 Bxg3 19.hxg3 Ne5 20.Nxe5 Qxe5 21.Bf4 Qe7 22.Bc4 Rad8
23.Rac1 h6 24.e5 Nd5 25.Red1 Qe6 26.Be3 Qxe5 27.Bxc5 Qh5 28.Bf1 Nf6 29.f3 Rxd1
30.Qxd1 Qe5 31.Bxb4 Qxg3 32.Qd6 Qg5 33.Bd2 Qg6  1-0

[Event "Open"]
[Site "Pula CRO"]
[Date "2001.05.18"]
[Round "1"]
[White "Bukal,V"]
[Black "Astengo,C"]
[Result "1-0"]
[WhiteElo "2439"]
[BlackElo "2115"]

1.c4 Nf6 2.Nf3 c6 3.Nc3 d5 4.e3 e6 5.d4 Nbd7 6.Qc2 Bd6 7.Be2 dxc4 8.Bxc4 e5
9.O-O O-O 10.a3 Qe7 11.Ba2 Nb6 12.dxe5 Bxe5 13.Nxe5 Qxe5 14.f4 Qf5 15.e4 Qc5+
16.Kh1 Re8 17.b4 Qh5 18.Bd2 Be6 19.Bxe6 Rxe6 20.Rae1 Nc4 21.Bc1 Rd8 22.e5 Ng4
23.h3 Nh6 24.Ne4 b5 25.Ng5 Rg6 26.Qe4 Rd5 27.Rf3 Qh4 28.f5 Qxe4 29.Nxe4 Nxf5
30.Rxf5 Rxe5 31.Rxe5 Nxe5 32.Nc5 f6 33.Bf4 Nc4 34.Re8+ Kf7 35.Ra8  1-0

[Event "TCh-YUG"]
[Site "Herceg Novi YUG"]
[Date "2001.05.19"]
[Round "6"]
[White "Raicevic,V"]
[Black "Kalezic,B"]
[Result "1/2-1/2"]
[WhiteElo "2470"]
[BlackElo "2441"]

1.d4 e6 2.Nf3 d5 3.c4 c6 4.e3 Nf6 5.Nc3 Nbd7 6.Qc2 Bd6 7.Bd2 O-O 8.h3 e5
9.cxd5 exd4 10.Nxd4 Nxd5 11.Nxd5 cxd5 12.Bd3 Nf6 13.O-O Re8 14.Nb5 Ne4 15.Nxd6 Qxd6
16.f3 Nxd2 17.Qxd2 Bd7 18.Rad1 Bc6 19.Bc2 a6 20.Qd4 Qg3 21.Rf2 Re5 22.Qf4 Qxf4
23.exf4 Re6 24.Bb3 Rd8 25.Rfd2 Red6 26.Rd4 Kf8 27.Kf2 Ke7 28.g4 Kd7 29.R4d2 Kc7
30.Re1 Re6 31.Rxe6 fxe6 32.Re2 Kd6 33.h4 h6 34.g5 Be8 35.f5 exf5 36.Bxd5 Bb5
37.Re1 hxg5 38.hxg5 Rh8 39.Bxb7 Rh2+ 40.Kg3 Rxb2 41.Rd1+ Kc5 42.Rd5+ Kb6
43.Bc8 Rxa2 44.Rxf5 Rc2 45.Be6 a5 46.Re5 a4 47.f4 a3 48.f5 Bc4 49.Bxc4 Rxc4
50.f6 gxf6 51.gxf6 a2 52.Re1 Rc6 53.Ra1  1/2-1/2

[Event "TCh-YUG Women"]
[Site "Herceg Novi YUG"]
[Date "2001.05.20"]
[Round "7"]
[White "Zhukova,N"]
[Black "Shumiakina,T"]
[Result "1-0"]
[WhiteElo "2463"]
[BlackElo "2376"]

1.d4 d5 2.c4 e6 3.Nc3 c6 4.e3 Nf6 5.Nf3 Nbd7 6.Bd3 dxc4 7.Bxc4 b5 8.Bd3 Bb7
9.O-O a6 10.e4 c5 11.d5 Qc7 12.dxe6 fxe6 13.Bc2 Bd6 14.Ng5 Nf8 15.f4 O-O-O
16.Qe1 e5 17.Nd5 Bxd5 18.exd5 exf4 19.Bd2 Re8 20.Qh4 h6 21.a4 b4 22.Rac1 Kb7
23.Rfe1 Ng6 24.Bxg6 hxg5 25.Qxg5 Ref8 26.h4 Nd7 27.Be4 Qd8 28.Qxd8 Rxd8 29.Bf5 Rxh4
30.Re6 Nf6 31.Rc4 Kb8 32.g3 Rh5 33.Rxd6 Rxd6 34.Bxf4 Rxf5 35.Bxd6+ Kb7 36.Bxc5 Nxd5
37.Bxb4 Nxb4 38.Rxb4+ Kc6 39.Kg2 Kc5 40.Rb7 Rd5 41.Rxg7 Kb4 42.Rg4+ Kb3 43.Rf4 Kxb2
44.g4 Kc3 45.Kf3  1-0

[Event "TCh-YUG Women"]
[Site "Herceg Novi YUG"]
[Date "2001.05.21"]
[Round "8"]
[White "Maric,A"]
[Black "Cosma,E"]
[Result "1/2-1/2"]
[WhiteElo "2446"]
[BlackElo "2331"]

1.Nf3 d5 2.d4 c6 3.c4 e6 4.e3 Nf6 5.Nc3 Nbd7 6.Qc2 Bd6 7.Bd3 O-O 8.O-O dxc4
9.Bxc4 a6 10.a4 c5 11.Rd1 cxd4 12.exd4 Qc7 13.Bd3 b6 14.h3 Bb7 15.Qe2 Rfe8
16.Be3 e5 17.dxe5 Bxf3 18.Qxf3 Nxe5 19.Qf5 Nxd3 20.Qxd3 Bc5 21.Bxc5 Qxc5
22.Rac1 Qb4 23.Rc2 h6 24.Rcd2 Re6 25.g3 Qe7  1/2-1/2

[Event "Master Open"]
[Site "Lausanne SUI"]
[Date "2001.05.22"]
[Round "1"]
[White "Midoux,S"]
[Black "Fressinet,L"]
[Result "0-1"]
[WhiteElo "2252"]
[BlackElo "2575"]

1.d4 d5 2.c4 c6 3.Nc3 e6 4.e3 Nf6 5.Nf3 Nbd7 6.Qc2 Bd6 7.g4 dxc4 8.g5 Nd5
9.Bxc4 e5 10.e4 Nb4 11.Qd1 exd4 12.Nxd4 Ne5 13.Be2 Bc5 14.a3 Qxd4 15.axb4 Nf3+  0-1

[Event "TCh-YUG"]
[Site "Herceg Novi YUG"]
[Date "2001.05.23"]
[Round "10"]
[White "Arsovic,G"]
[Black "Pavlovic,Dej"]
[Result "1/2-1/2"]
[WhiteElo "2415"]
[BlackElo "2289"]

1.Nf3 d5 2.c4 c6 3.e3 Nf6 4.Nc3 e6 5.d4 Nbd7 6.Qc2 Bd6 7.Bd3 O-O 8.O-O dxc4
9.Bxc4 b5 10.Be2 Bb7 11.Rd1 Qb8 12.e4 e5 13.g3 Re8 14.dxe5 Bxe5 15.Nxe5 Qxe5
16.Bf4 Qe7 17.Bf3 Rad8 18.Bd6 Qe6 19.Bg2 Ne5 20.Bc7 Rc8 21.Bxe5 Qxe5 22.a3 a5  1/2-1/2

[Event "Young Masters"]
[Site "Lausanne SUI"]
[Date "2001.05.23"]
[Round "2.4"]
[White "Bu Xiangzhi"]
[Black "Bruzon,L"]
[Result "1/2-1/2"]
[WhiteElo "2558"]
[BlackElo "2589"]

1.d4 e6 2.c4 d5 3.Nc3 c6 4.e3 Nf6 5.Nf3 Nbd7 6.Qc2 b6 7.b3 Bb7 8.Bb2 Be7
9.Be2 O-O 10.O-O Rc8 11.Rfd1 Qc7 12.Rac1 Qb8 13.Qb1 Rfd8 14.h3 h6 15.Qa1 Bf8
16.Ne5 Nxe5 17.dxe5 Ne4 18.cxd5 Nxc3 19.Bxc3 Rxd5 20.Rf1 c5 21.f4 Rd7 22.Kh2 Be4
23.Rf2 Rcd8 24.Bb5 Rc7 25.Rd1 Rcc8 26.Bd7 Rc7 27.Rfd2 Qb7 28.Bb5 Rxd2 29.Rxd2 a6
30.Bf1 b5 31.a4 Rd7 32.axb5 Rxd2 33.Bxd2 axb5 34.Qa5 Qd5 35.Qc3 Qc6 36.Be1 c4
37.bxc4 bxc4 38.Qd4 Bd5 39.Bc3 Bc5 40.Qd2 Qb6 41.e4 Bxe4 42.Bxc4 Bg1+ 43.Kg3 Qe3+
44.Qxe3 Bxe3 45.Bb4 h5 46.Be7 Kh7 47.Be2 g6 48.Bg5 Kg8 49.Bf1 Kh7 50.Kh2 Kg8
51.g4 hxg4 52.hxg4 Kh7 53.Kg3 Kg8 54.Bb5 Bd5 55.Bh6 Kh7 56.Bf8 Kg8 57.Be7 Be4
58.Bc4  1/2-1/2

[Event "Master Open"]
[Site "Lausanne SUI"]
[Date "2001.05.24"]
[Round "5"]
[White "Lazarev,V"]
[Black "Dominguez,L"]
[Result "1/2-1/2"]
[WhiteElo "2500"]
[BlackElo "2556"]

1.d4 d5 2.c4 c6 3.Nf3 Nf6 4.Nc3 e6 5.e3 Nbd7 6.Qc2 Bd6 7.Bd3 O-O 8.O-O dxc4
9.Bxc4 a6 10.a4 c5 11.dxc5 Nxc5 12.Rd1 Qc7 13.b3 b6 14.h3 Bb7 15.Bb2 Rfd8
16.Qe2 Qe7 17.Rac1 h6 18.Rc2  1/2-1/2

[Event "TCh-YUG Final"]
[Site "Herceg Novi YUG"]
[Date "2001.05.25"]
[Round "1.1"]
[White "Ftacnik,L"]
[Black "Zvjaginsev,V"]
[Result "1/2-1/2"]
[WhiteElo "2618"]
[BlackElo "2627"]

1.d4 e6 2.Nf3 d5 3.c4 Nf6 4.Nc3 c6 5.e3 Nbd7 6.Qc2 Bd6 7.Be2 O-O 8.O-O dxc4
9.Bxc4 b5 10.Be2 Bb7 11.Rd1 Qc7 12.e4 e5 13.g3 Rfe8 14.a3 a6 15.dxe5 Nxe5
16.Bg5 Nxf3+ 17.Bxf3 Be5 18.Bxf6 gxf6 19.Bg4 Rad8 20.Rac1 Bc8 21.Rxd8 Rxd8
22.Bxc8 Rxc8 23.Qd1 Rd8 24.Qg4+ Kh8 25.Nd5 Qc8 26.Qe2 Re8 27.Qc2 Bd4 28.Qxc6 Qxc6
29.Rxc6 Bxb2 30.Rxa6 Rxe4 31.Nxf6 Ra4 32.Rb6 Bxf6 33.Rxf6 Kg7 34.Rb6 Ra5
35.Kg2 h5 36.Kh3 Rxa3 37.Rxb5 Ra2 38.Rxh5 Rxf2 39.Kg4 f6 40.h3 Kg6 41.Ra5 f5+
42.Kh4 Rf3 43.Ra6+  1/2-1/2

[Event "6th Stuttgart Open"]
[Site "Ditzingen GER"]
[Date "2001.05.26"]
[Round "6"]
[White "Fahnenschmidt,G"]
[Black "Duppel,M"]
[Result "0-1"]
[WhiteElo "2285"]
[BlackElo "2455"]

1.d4 d5 2.c4 c6 3.Nc3 Nf6 4.e3 e6 5.Nf3 Nbd7 6.Qc2 Bd6 7.Be2 O-O 8.O-O dxc4
9.Bxc4 a6 10.e4 e5 11.Rd1 Qc7 12.Kh1 b5 13.Bf1 h6 14.dxe5 Nxe5 15.Bf4 Nh5
16.Bxe5 Bxe5 17.Nxe5 Qxe5 18.Nd5 Bg4 19.f3 cxd5 20.Rxd5 Qb8 21.fxg4 Nf6 22.Rc5 Nxg4
23.e5 Nxe5 24.Qf5 Re8 25.Rd1 Ra7 26.Rdc1 Rae7 27.a4 bxa4 28.Bxa6 g6 29.Qf4 Nd7
30.Qxb8 Rxb8 31.Rc8+ Rxc8 32.Rxc8+ Kg7 33.Kg1 Re4 34.Rc7 Ne5 35.h3 Rb4 36.Rc5 Kf6
37.Rb5 Rd4 38.Rb6+ Ke7 39.Be2 h5 40.Kf2 Nd7 41.Rb7 Kd6 42.Ke3 Rh4 43.Bb5 Ne5
44.Be2 f5 45.Rb6+ Ke7 46.g3 Re4+ 47.Kf2 h4 48.gxh4 Rxh4 49.Kg2 Re4 50.Kf2 Kf7
51.Bb5 Rb4 52.Ke1 Rxb2 53.Rb7+ Kf6 54.Bc6 a3 55.Ra7 a2 56.Bd5 Rb1+  0-1

[Event "IV It"]
[Site "Santo Antonio POR"]
[Date "2001.05.27"]
[Round "9"]
[White "Fernandes,An"]
[Black "Yakovich,Y"]
[Result "0-1"]
[WhiteElo "2465"]
[BlackElo "2577"]

1.d4 d5 2.c4 e6 3.Nc3 c6 4.e3 Nf6 5.Nf3 Nbd7 6.Bd3 dxc4 7.Bxc4 b5 8.Bb3 b4
9.Ne2 Bd6 10.Qc2 c5 11.e4 cxd4 12.Qc6 Qb6 13.Qxa8 O-O 14.e5 Bxe5 15.Nxe5 Nxe5
16.Bf4 Nd3+ 17.Kd2 Nxf2 18.Qb8 N6e4+ 19.Ke1 Bb7 20.Qc7 Qxc7 21.Bxc7 Nxh1
22.Rd1 Nhf2 23.Rxd4 Rc8 24.Bc4 h6 25.Rd8+ Rxd8 26.Bxd8 Ng4 27.Ba5 Ne3 28.Bd3 Nxg2+
29.Kf1 Ne3+ 30.Ke1 Nc5  0-1

[Event "2nd IECC"]
[Site "Ohrid MKD"]
[Date "2001.06.01"]
[Round "1"]
[White "Epishin,V"]
[Black "Zlochevskij,A"]
[Result "1-0"]
[WhiteElo "2579"]
[BlackElo "2469"]

1.d4 d5 2.c4 c6 3.Nc3 Nf6 4.Nf3 e6 5.e3 Nbd7 6.Qc2 Bd6 7.Bd3 O-O 8.O-O dxc4
9.Bxc4 a6 10.Bb3 c5 11.Ne4 Nxe4 12.Qxe4 Re8 13.Bd2 cxd4 14.exd4 Nf6 15.Qh4 b6
16.Rfe1 Bb7 17.Ne5 Rc8 18.Bg5 h6 19.Bxf6 Qxf6 20.Qxf6 gxf6 21.Nd7 Kg7 22.Nxb6 Rb8
23.Na4 Rec8 24.Rac1 Bc6 25.Nc3 a5 26.g3 Rc7 27.Red1 Rcb7 28.d5 exd5 29.Nxd5 Bxd5
30.Rxd5 Be5 31.Rxa5 Bxb2 32.Rc4 Rd8 33.Rg4+ Kf8 34.Rh4 Bc1 35.Rc5 Bg5 36.Re4 Bd2
37.Rc6 Kg7 38.Rg4+ Bg5 39.Rc5 Kf8 40.Rgc4 Bd2 41.h4 Kg7 42.Kg2 Re7 43.Rc6 f5
44.R4c5 f4 45.g4 Bb4 46.Rf5 Rd6 47.Rxd6 Bxd6 48.a4 f6 49.Rb5 Rc7 50.a5 Ra7
51.Kf3 Bc7 52.Rc5 Bxa5 53.Rc8 Rc7 54.Rg8+ Kh7 55.Rb8 Re7 56.Rf8 Kg7 57.Rg8+ Kh7
58.h5 Rb7  1-0

[Event "Open"]
[Site "Fourmies FRA"]
[Date "2001.06.02"]
[Round "1"]
[White "Mertens,A"]
[Black "Wuts,F"]
[Result "1-0"]
[WhiteElo "2069"]
[BlackElo "2331"]

1.d4 d5 2.c4 e6 3.Nc3 c6 4.Nf3 Nf6 5.e3 Nbd7 6.Bd3 Be7 7.O-O O-O 8.cxd5 exd5
9.Rb1 Re8 10.b4 Bd6 11.Qc2 Nf8 12.b5 Bg4 13.Ne1 Rc8 14.bxc6 bxc6 15.Bf5 Ne6
16.Rb7 c5 17.dxc5 Rxc5 18.Bxg4 Nxg4 19.h3 d4 20.hxg4 Rxc3 21.Qf5 Rf8 22.Bb2 dxe3
23.fxe3 Rxe3 24.Rxf7 Bc5 25.Qxc5 Rxf7 26.Qxe3 Rxf1+ 27.Kxf1 Qf8+ 28.Nf3 Qf7
29.Qb3 h6 30.Qb8+ Kh7 31.Qe5 Qd7 32.Kg1 Kg8 33.Nd4 Nf8 34.Nf5 Ne6 35.Kh2 Kh7
36.Nxg7 Nxg7 37.Qxg7+ Qxg7 38.Bxg7 Kxg7 39.Kg3  1-0

[Event "ch-IND"]
[Site "New Delhi IND"]
[Date "2001.06.02"]
[Round "1"]
[White "Ravi,L"]
[Black "Prasad,D"]
[Result "1/2-1/2"]
[WhiteElo "2381"]
[BlackElo "2440"]

1.d4 d5 2.c4 c6 3.Nc3 Nf6 4.Nf3 e6 5.e3 Nbd7 6.Bd3 dxc4 7.Bxc4 b5 8.Bd3 Bb7
9.O-O a6 10.a4 b4 11.Ne4 c5 12.Ned2 Be7 13.a5 O-O 14.Qe2 Qc7 15.Re1 Rfd8
16.e4 cxd4 17.e5 Nd5 18.Nb3 Nc5 19.Nxc5 Qxc5 20.Bd2 Rd7 21.Rec1 Qa7 22.Qe4 g6
23.Qg4 Qb8 24.Re1 Qd8 25.Bh6 Bf8 26.Bxf8 Qxf8 27.h4 h5 28.Qg3 b3 29.Ng5 Nb4
30.Rad1 Nxd3 31.Rxd3 Qb4 32.Red1 Qxa5 33.Rxd4 Rxd4 34.Rxd4 Bd5 35.Kh2 Rf8
36.Rf4 Qd2 37.Rf6 Qc2 38.Qf4 Qe4 39.Qg3 Qg4 40.Qxg4 hxg4 41.Kg3 Rc8 42.Rxf7 Rc2
43.Rd7 Rxb2 44.Nh7 Rd2 45.Nf6+ Kf8 46.Nh7+  1/2-1/2

[Event "2nd IECC"]
[Site "Ohrid MKD"]
[Date "2001.06.02"]
[Round "2"]
[White "Graf,A"]
[Black "Godena,M"]
[Result "1-0"]
[WhiteElo "2649"]
[BlackElo "2494"]

1.d4 d5 2.c4 c6 3.Nf3 Nf6 4.Nc3 e6 5.e3 Nbd7 6.Bd3 Bd6 7.e4 dxe4 8.Nxe4 Nxe4
9.Bxe4 e5 10.O-O exd4 11.Qxd4 Qf6 12.Rd1 Bc7 13.Be3 O-O 14.Qd3 h6 15.Bd4 Ne5
16.Qc3 Nxf3+ 17.Bxf3 Qg5 18.b4 Be6 19.g3 a6 20.Re1 Rfe8 21.Be5 Bxe5 22.Rxe5 Qf6
23.Rae1 Red8 24.R1e4 Rd7 25.Rf4 Qd8 26.Re3 a5 27.a3 axb4 28.axb4 Ra2 29.Bg4 Bxg4
30.Rxg4 Rd1+ 31.Kg2 Rg1+ 32.Kxg1 Qd1+ 33.Qe1  1-0

[Event "2nd SUFE Cup Rapid"]
[Site "Shanghai CHN"]
[Date "2001.06.02"]
[Round "6"]
[White "Maric,A"]
[Black "Wang Lei"]
[Result "1-0"]
[WhiteElo "2446"]
[BlackElo "2498"]

1.d4 d5 2.Nf3 c6 3.c4 Nf6 4.Nc3 e6 5.e3 Nbd7 6.Qc2 Bd6 7.Bd3 O-O 8.O-O dxc4
9.Bxc4 Qe7 10.h3 e5 11.Bb3 Bb8 12.Bd2 h6 13.Nh4 Rd8 14.Nf5 Qe8 15.f4 exd4
16.exd4 Nb6 17.Nxh6+ Kf8 18.Nxf7 Rxd4 19.Rae1 Qd7 20.Be3 Rd5 21.Nxd5 Nbxd5
22.Ne5 Qc7 23.Bc5+ Kg8 24.Ng6 b6 25.Ne7+ Kh8 26.Nxd5 cxd5 27.Bxd5 bxc5 28.Bxa8 Ba6
29.Rf2 Qc8 30.Qg6 Bd6 31.Be4 c4 32.Kh1 Bb5 33.Bf5 Qb8 34.Qg5 Bd7 35.Bxd7 Nxd7
36.Qh5+ Kg8 37.Re8+  1-0

[Event "2nd SUFE Cup Rapid"]
[Site "Shanghai CHN"]
[Date "2001.06.02"]
[Round "8"]
[White "Zhukova,N"]
[Black "Wang Lei"]
[Result "0-1"]
[WhiteElo "2463"]
[BlackElo "2498"]

1.d4 d5 2.c4 c6 3.Nc3 Nf6 4.e3 e6 5.Nf3 Nbd7 6.Bd3 dxc4 7.Bxc4 b5 8.Bd3 Bb7
9.O-O b4 10.Ne4 Be7 11.a3 a5 12.Nxf6+ Nxf6 13.e4 O-O 14.e5 Nd7 15.Qc2 h6
16.Be4 Qb8 17.Be3 c5 18.dxc5 Nxc5 19.Bxc5 Bxe4 20.Qxe4 Bxc5 21.a4 Rd8 22.Rac1 Qb6
23.b3 Rd5 24.g4 Rad8 25.g5 hxg5 26.Nxg5 Kf8 27.Rc4 Bd4 28.Qf4 f5 29.Nf3 Kg8
30.Kg2 Qb7 31.Kg1 Qb6 32.h4 Bc5 33.h5 Bf8 34.Kg2 Rd3 35.Rfc1 Rxb3 36.Rc6 Qb7
37.Qc4 Rbd3 38.Qxe6+ Qf7 39.Qxf7+ Kxf7 40.Ng5+ Kg8 41.Rc8 Be7 42.Ne6 Rxc8
43.Rxc8+ Kf7 44.Nf4 Rd4 45.Ng6 Rd7 46.Rc6 Rb7 47.e6+ Kf6 48.Nf4 Ke5 49.Nd3+ Kd4
50.Nb2 b3 51.Kf3 Bf6 52.Rc8 Kd5 53.Nc4 b2 54.Nxb2 Bxb2 55.Ra8 Bc3 56.Ra6 Ke5
57.Rc6 Bb4 58.Ke3 Re7  0-1

[Event "IHEM"]
[Site "Hamburg GER"]
[Date "2001.06.03"]
[Round "2"]
[White "Heyken,E"]
[Black "Dave,Shr"]
[Result "1-0"]
[WhiteElo "2332"]
[BlackElo "2134"]

1.d4 d5 2.Nf3 c6 3.c4 Nf6 4.Nc3 e6 5.e3 Bb4 6.a3 Bxc3+ 7.bxc3 Ne4 8.Qc2 O-O
9.Bd3 f5 10.Ne5 Nd7 11.Nxd7 Bxd7 12.O-O Qh4 13.f3 Nf6 14.a4 g5 15.Rb1 b6
16.Qf2 Qh5 17.Qg3 Rf7 18.a5 dxc4 19.Bxc4 b5 20.Bd3 Rg7 21.c4 g4 22.Kh1 a6
23.Ba3 Qh6 24.Qe5 g3 25.h3 Nh5 26.cxb5 axb5 27.a6 f4 28.a7 Rf7 29.Qb8+ Kg7
30.d5 e5 31.Bb2 Bxh3 32.gxh3 g2+ 33.Kh2 gxf1=N+ 34.Rxf1 Rfxa7 35.Qxe5+ Kf7
36.Bf5 fxe3 37.Be6+ Kf8 38.Qd6+ Ke8 39.Bd7+ Rxd7 40.Qxh6 Ra2 41.Qxh5+  1-0

[Event "ch-IND"]
[Site "New Delhi IND"]
[Date "2001.06.03"]
[Round "3"]
[White "Murugan,K"]
[Black "Neelotpal,D"]
[Result "1-0"]
[WhiteElo "2390"]
[BlackElo "2423"]

1.d4 e6 2.c4 d5 3.Nc3 c6 4.e3 Nf6 5.Nf3 Nbd7 6.Qc2 Bd6 7.Be2 O-O 8.O-O dxc4
9.Bxc4 Qe7 10.h3 e5 11.b3 b5 12.Bd3 Bb7 13.Bb2 Rfe8 14.Ne4 Nxe4 15.Bxe4 g6
16.dxe5 Nxe5 17.Nxe5 Bxe5 18.Bxe5 Qxe5 19.Bf3 Rad8 20.Rad1 Kg7 21.b4 Rxd1
22.Rxd1 Re6 23.Qd2 Re7 24.Rc1 Re6 25.Rc5 Qf6 26.Qc2 Rd6 27.Kh2 Qe7 28.g3 Qd7
29.Bg4 Qd8 30.Kg2 Bc8 31.Bxc8 Qxc8 32.Rxb5 Qd7 33.Qc3+ Rf6 34.Rc5 h5 35.e4 Qe7
36.Qd4 Kh7 37.Ra5 Rd6 38.Rxa7  1-0

[Event "2nd IECC"]
[Site "Ohrid MKD"]
[Date "2001.06.03"]
[Round "3"]
[White "Podgaets,M"]
[Black "Asrian,K"]
[Result "1/2-1/2"]
[WhiteElo "2477"]
[BlackElo "2582"]

1.d4 d5 2.c4 e6 3.Nf3 Nf6 4.Nc3 c6 5.e3 Nbd7 6.Qc2 Bd6 7.Bd3 O-O 8.O-O dxc4
9.Bxc4 a6 10.Rd1 Qe7 11.Bd3 c5 12.Bd2 b5 13.a4 cxd4 14.exd4 b4 15.Ne4 Bb7
16.Bg5 h6 17.Bh4 Rac8 18.Qe2 a5 19.Nxf6+ Nxf6 20.Ne5  1/2-1/2

[Event "IHEM"]
[Site "Hamburg GER"]
[Date "2001.06.04"]
[Round "3"]
[White "Lindinger,M"]
[Black "Dave,Shr"]
[Result "1-0"]
[WhiteElo "2299"]
[BlackElo "2134"]

1.d4 d5 2.c4 c6 3.Nf3 Nf6 4.Nc3 e6 5.e3 Bb4 6.Bd3 dxc4 7.Bxc4 Ne4 8.Qc2 Qa5
9.Qxe4 Bxc3+ 10.Ke2 Bb4 11.a3 Be7 12.Bd2 Qf5 13.Qb1 Qxb1 14.Raxb1 Nd7 15.Rhc1 b6
16.b4 Bb7 17.a4 O-O 18.Bd3 Rac8 19.a5 Rfd8 20.Bc3 Nf6 21.Ne5 Nd5 22.Bd2 f6
23.Nf3 Bd6 24.Bc4 Kf7 25.g3 Nc7 26.Bd3 Ne8 27.h4 c5 28.bxc5 Bxf3+ 29.Kxf3 bxc5
30.Rb7+ Rc7 31.Rxc7+ Nxc7 32.dxc5 Bxg3 33.Ke2 Bxf2 34.Rb1 Bxh4 35.Rb7 Bg3
36.a6 Rd5 37.Rxa7 Rxc5 38.Bb4 Rc1 39.Rb7 Ke8 40.a7 Ra1 41.Bc5 f5 42.Bb6 Nd5
43.Bb5+ Kf8 44.Bc5+ Kg8 45.Rb8+ Kf7 46.Be8+  1-0

[Event "ch-IND"]
[Site "New Delhi IND"]
[Date "2001.06.04"]
[Round "6"]
[White "Prakash,G"]
[Black "Barua,D"]
[Result "0-1"]
[WhiteElo "2453"]
[BlackElo "2494"]

1.d4 d5 2.c4 e6 3.Nc3 c6 4.e3 Nf6 5.Nf3 Nbd7 6.Qc2 Bd6 7.Bd3 O-O 8.O-O dxc4
9.Bxc4 Qe7 10.Bd2 e5 11.Bb3 e4 12.Ng5 Bxh2+ 13.Kxh2 Ng4+ 14.Kg1 Qxg5 15.Qxe4 Nb6
16.Ne2 a5 17.a4 Nf6 18.Qf4 Qg6 19.Ng3 Qd3 20.Bc3 Nbd5 21.Bxd5 cxd5 22.Ra3 Qg6
23.Rb3 Ra6 24.Rb5 Qc2 25.Rxa5 Rxa5 26.Bxa5 Be6 27.Bc7 Rc8 28.Be5 Ne8 29.Bd6 Qxb2
30.a5 Qc3 31.Bc5 Qxa5 32.Nf5 Bxf5 33.Qxf5 Qd8 34.Rb1 Rb8 35.Rb6 Nf6 36.Rb5 h5
37.Qe5 Ra8 38.g3 Ra1+ 39.Kg2 Qd7 40.Qb8+ Kh7 41.Rxb7 Qf5 42.Qf4 Qd3 43.Qh4 Qf1+
44.Kf3 Ra2 45.g4 Rxf2+  0-1

[Event "Open"]
[Site "Estensi ITA"]
[Date "2001.06.05"]
[Round "4"]
[White "Skembris,S"]
[Black "Vismara,D"]
[Result "1-0"]
[WhiteElo "2450"]
[BlackElo "2231"]

1.c4 c6 2.d4 d5 3.Nf3 Nf6 4.e3 e6 5.Nc3 Nbd7 6.Qc2 Bd6 7.Bd3 O-O 8.O-O dxc4
9.Bxc4 a6 10.e4 e5 11.h3 b5 12.Be2 Re8 13.Be3 Bb7 14.Rad1 Qc7 15.a3 exd4
16.Bxd4 c5 17.Bxf6 Nxf6 18.Bxb5 Bxe4 19.Nxe4 Rxe4 20.Bc4 h6 21.Bd5  1-0

[Event "ch-IND"]
[Site "New Delhi IND"]
[Date "2001.06.05"]
[Round "7"]
[White "Sriram,J"]
[Black "Prakash,G"]
[Result "1/2-1/2"]
[WhiteElo "2390"]
[BlackElo "2453"]

1.d4 d5 2.c4 c6 3.Nc3 Nf6 4.e3 e6 5.Nf3 Nbd7 6.Bd3 dxc4 7.Bxc4 b5 8.Bd3 Bb7
9.O-O b4 10.Ne4 Be7 11.Nxf6+ Nxf6 12.e4 O-O 13.e5 Nd7 14.Be4 Rb8 15.a3 bxa3
16.b4 f5 17.Bd3 Nb6 18.Bxa3 Nd5 19.Bc4 Qb6 20.Qd3 Rfd8 21.Rfb1 Rd7 22.Rb3 Ba8
23.Rab1 h6 24.Ne1 Kh8 25.Nc2 Qd8 26.Qh3 Rc8 27.g4 Bh4 28.Bc1 Rf7 29.f4 g5
30.gxf5 Rxf5 31.fxg5 Bf2+ 32.Kg2 Qf8 33.Bxd5 cxd5 34.Rc3 Rxc3 35.Qxc3 Bh4
36.Be3 Bxg5 37.Bxg5 Rxg5+ 38.Kh1 Rf5 39.Rg1 Rf1 40.Qd3 Rxg1+ 41.Kxg1 Bc6
42.Ne3 Be8 43.Qf1 Qg7+ 44.Qg2 Bg6 45.Qg3 Qf7 46.Qh4 Bh5 47.Qg3 Kh7 48.Ng2 Qf5
49.Nf4 Bg6 50.Qh4 Qb1+ 51.Kf2 Qxb4 52.Nxg6 Qd2+ 53.Kf1 Qd3+ 54.Kf2 Qxg6 55.Qe7+ Kh8
56.Qxa7 Qf5+ 57.Kg3 Qg5+  1/2-1/2

[Event "ch-IND"]
[Site "New Delhi IND"]
[Date "2001.06.05"]
[Round "8"]
[White "Prasad,D"]
[Black "Sriram,J"]
[Result "1-0"]
[WhiteElo "2440"]
[BlackElo "2390"]

1.d4 d5 2.Nf3 c6 3.c4 e6 4.e3 Nf6 5.Nc3 Nbd7 6.Bd3 dxc4 7.Bxc4 b5 8.Bd3 a6
9.e4 c5 10.e5 cxd4 11.Nxb5 axb5 12.exf6 gxf6 13.O-O Qb6 14.Be4 Bb7 15.Bxb7 Qxb7
16.Nxd4 Rg8 17.Qf3 Qxf3 18.Nxf3 Rg4 19.b3 Bc5 20.Be3 Re4 21.Bxc5 Nxc5 22.Rfc1 Nd3
23.Rd1 Nf4 24.Kf1 b4 25.Nd4 Nd5 26.Rd2 Rc8 27.f3 Ne3+ 28.Kf2 Rxd4  1-0

[Event "2nd IECC"]
[Site "Ohrid MKD"]
[Date "2001.06.05"]
[Round "5"]
[White "Shneider,A"]
[Black "Kutirov,R"]
[Result "1-0"]
[WhiteElo "2516"]
[BlackElo "2381"]

1.d4 d5 2.c4 c6 3.Nc3 Nf6 4.e3 e6 5.Nf3 Nbd7 6.Qc2 Bd6 7.Bd3 O-O 8.O-O h6
9.Bd2 b6 10.cxd5 exd5 11.Ne2 Bb7 12.Ng3 Re8 13.b4 Rc8 14.Rab1 b5 15.Bc3 Nb6
16.Ne5 Rc7 17.f4 Nc4 18.Qe2 Bc8 19.a4 Bf8 20.a5 Nd6 21.Rbc1 Nfe4 22.Be1 Nxg3
23.Bxg3 Nc4 24.f5 Bd6 25.Bxc4 bxc4 26.f6 g6 27.e4 Be6 28.Qe3 Kh7 29.Rb1 a6
30.h3 Rc8 31.Kh2 Rh8 32.Rf2 Qf8 33.exd5 cxd5 34.b5 axb5 35.Rxb5 Qe8 36.Rb7 Bxe5
37.Qxe5 c3 38.Re7 Qc6 39.Rc2 Rhd8 40.Rxc3 Qa6 41.Rb3 Rc2 42.Qxe6 Qxe6 43.Rxe6 fxe6
44.Rb7+ Kg8 45.f7+ Kf8 46.a6 Ra2 47.a7 g5 48.Be1  1-0

[Event "2nd IECC"]
[Site "Ohrid MKD"]
[Date "2001.06.05"]
[Round "5"]
[White "Kruppa,Y"]
[Black "Stanojoski,Z"]
[Result "1-0"]
[WhiteElo "2572"]
[BlackElo "2435"]

1.d4 d5 2.c4 e6 3.Nc3 c6 4.e3 Nf6 5.Nf3 Nbd7 6.Bd3 dxc4 7.Bxc4 b5 8.Bd3 a6
9.e4 c5 10.e5 cxd4 11.Nxb5 Ng4 12.Qa4 Rb8 13.Nd6+ Bxd6 14.exd6 Qb6 15.h3 Nf6
16.Qxd4 Qxd4 17.Nxd4 Rb6 18.Be2 Rxd6 19.Nb3 Bb7 20.O-O g5 21.Na5 Bd5 22.b3 Rg8
23.Ba3 Rb6 24.Rac1 Kd8 25.Nc4 Rc6 26.Nd6 Ne5 27.Bb2 Nfd7 28.Rxc6 Bxc6 29.Rc1 Kc7
30.Ne4 Kb7 31.Nc5+ Nxc5 32.Rxc5 Nd7 33.Bxa6+ Kb6 34.Rc1 g4 35.hxg4 Rxg4 36.Bf1 Bd5
37.Rd1 Kc7 38.Rd4 Rxd4 39.Bxd4 e5 40.Bc3 f6 41.Bd3 h5 42.Bg6 h4 43.Bf5 Nc5
44.f3 Ne6 45.Kf2 Nf4 46.Ba5+ Kc6 47.Bd8  1-0

[Event "2nd IECC"]
[Site "Ohrid MKD"]
[Date "2001.06.05"]
[Round "5"]
[White "Arlandi,E"]
[Black "Asrian,K"]
[Result "0-1"]
[WhiteElo "2423"]
[BlackElo "2582"]

1.d4 d5 2.c4 e6 3.Nc3 c6 4.e3 Nf6 5.Nf3 Nbd7 6.Qc2 Bd6 7.b3 O-O 8.Be2 b6
9.O-O Bb7 10.Rd1 Qe7 11.e4 Nxe4 12.Nxe4 dxe4 13.Qxe4 f5 14.Qe3 c5 15.Bb2 Rad8
16.Ng5 Rfe8 17.Bf3 Bxf3 18.Nxf3 Nf6 19.Ne5 Qc7 20.h3 Ne4 21.Nd3 cxd4 22.Bxd4 Rd7
23.f3 Bh2+ 24.Kf1 Ng3+ 25.Ke1 e5 26.Bc3 e4 27.f4 Bg1 28.Qxg3 exd3+ 29.Kf1 Re3
30.Qg5 Qc5 31.Rd2 Re2 32.Qh4 Bh2 33.Rxd3 Rxd3 34.Kxe2 Qe3+ 35.Kf1 Bg3  0-1

[Event "2nd IECC"]
[Site "Ohrid MKD"]
[Date "2001.06.06"]
[Round "6"]
[White "Huzman,A"]
[Black "Kuczynski,R"]
[Result "1-0"]
[WhiteElo "2578"]
[BlackElo "2509"]

1.d4 d5 2.c4 c6 3.Nf3 Nf6 4.Nc3 e6 5.e3 Nbd7 6.Bd3 dxc4 7.Bxc4 b5 8.Bd3 a6
9.e4 c5 10.e5 cxd4 11.Nxb5 axb5 12.exf6 gxf6 13.O-O Qb6 14.Qe2 Ba6 15.Rd1 Rd8
16.Bf4 Nc5 17.Rac1 Nxd3 18.Qxd3 b4 19.Bc7 Qb7 20.Qb3 Rd5 21.Rxd4 Bh6 22.Rxd5 Qxd5
23.Qxd5 exd5 24.Rc6 Bd3 25.Ba5 b3 26.axb3 O-O 27.g3 Ra8 28.b4 Bf8 29.Nd4 f5
30.Rc3 Bb1 31.Rc1 Be4 32.f3 Bg7 33.Bb6 Bd3 34.Rc3 Bc4 35.b3 Rb8 36.Bc5 Rc8
37.Re3 Bxd4 38.Bxd4 Bb5 39.Re5 f4 40.Rg5+ Kf8 41.Bc5+ Ke8 42.Re5+ Kd7 43.Re7+ Kc6
44.Rxf7 fxg3 45.hxg3 Bd3 46.Rf6+ Kc7 47.Kf2 Re8 48.Be3 Re7 49.g4 Bc2 50.Bc5 Rg7
51.Bd4 Bxb3 52.Ra6 Rd7 53.Ra7+ Kc8 54.Rxd7 Kxd7 55.b5 Bd1 56.b6 Kd6 57.Kg3 Be2
58.f4 h5 59.gxh5 Bxh5 60.f5 Be8 61.Kf4  1-0

[Event "IHEM"]
[Site "Hamburg GER"]
[Date "2001.06.07"]
[Round "6"]
[White "Rausis,I"]
[Black "Mueller,Ka"]
[Result "0-1"]
[WhiteElo "2500"]
[BlackElo "2525"]

1.c4 c6 2.Nf3 d5 3.d4 Nf6 4.Nc3 e6 5.e3 Nbd7 6.Bd3 dxc4 7.Bxc4 b5 8.Bd3 Bb7
9.e4 b4 10.Ne2 c5 11.d5 exd5 12.e5 Ne4 13.Nf4 c4 14.Bc2 Bc5 15.O-O Nb6 16.Nd4 O-O
17.Be3 Qe7 18.Qh5 g6 19.Qh6 Qxe5 20.Rad1 Rfe8 21.Bxe4 dxe4  0-1

[Event "ch-IND"]
[Site "New Delhi IND"]
[Date "2001.06.07"]
[Round "12"]
[White "Sasikiran,K"]
[Black "Sriram,J"]
[Result "1/2-1/2"]
[WhiteElo "2611"]
[BlackElo "2390"]

1.d4 d5 2.c4 c6 3.Nc3 Nf6 4.e3 e6 5.Nf3 Nbd7 6.Bd3 dxc4 7.Bxc4 b5 8.Bd3 a6
9.e4 c5 10.e5 cxd4 11.Nxb5 axb5 12.exf6 gxf6 13.O-O Qb6 14.Qe2 b4 15.Bf4 Bc5
16.Nd2 Bb7 17.Rfc1 Rg8 18.Bg3 Ne5 19.Ne4 Be7 20.Bxe5 fxe5 21.Qh5 Kf8 22.Ng3 Bg5
23.Bxh7 Rg7 24.Re1 Bf4 25.Be4 f5 26.Bxb7 Qxb7 27.Qh8+ Kf7 28.Qh5+ Kg8 29.Rad1 Qc6
30.Qh3 Kf7 31.Qh5+ Kg8 32.Qe2 Rxa2 33.Rd3 Qd5 34.Red1 Ra8 35.Rf3 Rh7 36.Nh5 Rxh5
37.Rxf4 Rg5 38.Rf3 Qe4 39.Qd2 f4 40.Rg3 Qg6 41.Rxg5 Qxg5 42.h3 Kh8 43.Qxb4 Rg8
44.Qb7 Qh5 45.Ra1 Qxh3 46.Ra8 Qf5 47.Rxg8+ Kxg8 48.Qc8+ Kg7 49.Qd7+ Kh6 50.b4 Qb1+
51.Kh2 Qb3 52.Qf7 Kg5 53.f3 e4 54.Qg7+ Kf5 55.Qh7+ Ke5 56.Qg7+ Kf5 57.Qh7+ Ke5
58.Qg7+  1/2-1/2